[Event "ICS rated blitz match"]
[Site "204.178.125.65"]
[Date "2000.11.29"]
[Round "?"]
[White "wilburr"]
[Black "Hossa"]
[Result "0-1"]
[WhiteElo "1901"]
[BlackElo "2586"]
[PlyCount "62"]
[EventDate "2000.??.??"]

1. e4 e5 2. Nf3 Nc6 3. Bb5 a6 4. Ba4 Nf6 5. O-O Be7 6. d4 exd4 7. e5 Ne4 8.
Nxd4 O-O 9. Nf5 d5 10. Nxe7+ Nxe7 11. c3 c6 12. Be3 f6 13. f3 Nf5 14. Bd4 Ng5
15. exf6 Nxd4 16. cxd4 Qxf6 17. Nc3 Qf4 18. Kh1 Bf5 19. Rc1 Rae8 20. Ne2 Qe3
21. Ng3 Ne6 22. Rc3 Qxd4 23. Qc1 Qxa4 24. b4 Qxa2 25. Re3 Nf4 26. Rg1 Nd3 27.
Rxd3 Bxd3 28. Qg5 Qf2 29. Nh5 Bg6 30. Ng3 Re1 31. h4 Qxg1# {wilburr checkmated}
0-1

[Event "ICS rated blitz match"]
[Site "204.178.125.65"]
[Date "2000.11.29"]
[Round "?"]
[White "Younis-T"]
[Black "Hossa"]
[Result "0-1"]
[WhiteElo "2106"]
[BlackElo "2600"]
[PlyCount "30"]
[EventDate "2000.??.??"]

1. e4 c5 2. Nf3 d6 3. d4 cxd4 4. Nxd4 Nf6 5. Nc3 Nc6 6. Be3 e6 7. f3 Be7 8. Qd2
O-O 9. O-O-O d5 10. Nxc6 bxc6 11. e5 Nd7 12. f4 c5 13. Bf2 Nb6 14. h4 d4 15.
Ne4 Qd5 {Younis-T resigns} 0-1

[Event "ICS rated blitz match"]
[Site "204.178.125.65"]
[Date "2000.11.29"]
[Round "?"]
[White "Hossa"]
[Black "kojuharov"]
[Result "1-0"]
[WhiteElo "2602"]
[BlackElo "2119"]
[PlyCount "47"]
[EventDate "2000.??.??"]

1. e4 e5 2. Nc3 Nc6 3. Nf3 Bc5 4. Nxe5 Qh4 5. g3 Qf6 6. Nf3 Nge7 7. Nb5 Bb6 8.
d3 h6 9. Bg2 d6 10. Be3 Qxb2 11. Rb1 Ba5+ 12. Bd2 Qxa2 13. Ra1 Bxd2+ 14. Nxd2
Qb2 15. Nxc7+ Kd8 16. Nxa8 Be6 17. Rb1 Qd4 18. Rxb7 Kc8 19. Qb1 h5 20. Nc7 h4
21. Nb5 Qc5 22. d4 Nxd4 23. Nxd4 Qxd4 24. Rb8+ {kojuharov resigns} 1-0

[Event "ICS rated blitz match"]
[Site "204.178.125.65"]
[Date "2000.11.29"]
[Round "?"]
[White "Valg"]
[Black "Hossa"]
[Result "1-0"]
[WhiteElo "2857"]
[BlackElo "2604"]
[PlyCount "149"]
[EventDate "2000.??.??"]

1. e4 e5 2. Nf3 Nc6 3. Bb5 Nf6 4. O-O Bc5 5. c3 O-O 6. d4 Bb6 7. Bg5 exd4 8. e5
h6 9. exf6 hxg5 10. fxg7 Kxg7 11. cxd4 g4 12. Ne5 f5 13. Nc4 Bxd4 14. Nc3 g3
15. hxg3 Rh8 16. Re1 Qf6 17. Qd2 a6 18. Nd5 Qh6 19. Qxh6+ Rxh6 20. Bxc6 Rxc6
21. Rac1 Rb8 22. Ne7 Rf6 23. Rcd1 Bc5 24. Nxc8 Rxc8 25. Rxd7+ Kh6 26. Ne5 Bb6
27. Kf1 Ba5 28. Re3 Bb6 29. Re2 Rg8 30. Nf7+ Kh5 31. Nd8 Rh6 32. Ree7 Rhh8 33.
Ne6 Rh6 34. Nf4+ Kg5 35. Nh3+ Kh5 36. Rf7 Rc6 37. Rxf5+ Kh6 38. Nf4 Rg5 39.
Rff7 Rc1+ 40. Ke2 Rg8 41. Rh7+ Kg5 42. Rd5+ Kf6 43. Rh6+ Kf7 44. Re6 Rc5 45.
Rd7+ Kf8 46. Ree7 Rc2+ 47. Kd1 Rc6 48. Ne6+ Rxe6 49. Rxe6 Rg5 50. Ree7 Bxf2 51.
Rf7+ Ke8 52. Rxc7 Bxg3 53. Rce7+ Kd8 54. Rxb7 Rg8 55. Ke2 Kc8 56. Kf3 Rg6 57.
Rbe7 Rg8 58. Re6 Bb8 59. g4 Kd8 60. Rxa6 Rh8 61. Ra8 Kc8 62. a4 Rd8 63. a5 Rd3+
64. Ke2 Rg3 65. a6 Rg2+ 66. Ke1 Rg1+ 67. Kf2 Rb1 68. Rb7 Rxb2+ 69. Rxb2 Kd7 70.
Raxb8 Kd6 71. R8b6+ Ke7 72. a7 Kf7 73. a8=Q Ke7 74. Qa7+ Kd8 75. Rb8# {
Hossa checkmated} 1-0

[Event "ICS rated blitz match"]
[Site "204.178.125.65"]
[Date "2000.11.29"]
[Round "?"]
[White "Hossa"]
[Black "SupermanFN"]
[Result "1-0"]
[WhiteElo "2598"]
[BlackElo "2138"]
[PlyCount "67"]
[EventDate "2000.??.??"]

1. e4 b6 2. d4 Bb7 3. Nc3 e6 4. Bd3 Bb4 5. Nf3 Ne7 6. O-O O-O 7. a3 Bxc3 8.
bxc3 f5 9. e5 c5 10. Bg5 h6 11. Be3 Nd5 12. Bd2 d6 13. Qe2 dxe5 14. Nxe5 Nd7
15. Ng6 Rf6 16. Nf4 Nxf4 17. Bxf4 g5 18. Bd6 cxd4 19. cxd4 Nf8 20. Be5 Rg6 21.
Bb5 a6 22. Bd3 Qd5 23. f3 h5 24. c4 Qd7 25. Rfe1 g4 26. f4 h4 27. Rab1 g3 28.
h3 Qc6 29. Qb2 Nd7 30. d5 exd5 31. Bxf5 Nxe5 32. Qxe5 dxc4 33. Be4 Qxe4 34.
Rxe4 {SupermanFN resigns} 1-0

[Event "ICS rated blitz match"]
[Site "204.178.125.65"]
[Date "2000.11.29"]
[Round "?"]
[White "Francesca"]
[Black "Hossa"]
[Result "0-1"]
[WhiteElo "2517"]
[BlackElo "2600"]
[PlyCount "20"]
[EventDate "2000.??.??"]

1. f4 Nf6 2. Nf3 g6 3. d3 Bg7 4. e4 d5 5. e5 Ng4 6. h3 Nh6 7. g4 O-O 8. d4 f5
9. Be3 fxg4 10. Ng5 Nf5 {Francesca resigns} 0-1

[Event "ICS rated bullet match"]
[Site "204.178.125.65"]
[Date "2000.11.29"]
[Round "?"]
[White "blunite"]
[Black "Hossa"]
[Result "0-1"]
[WhiteElo "1954"]
[BlackElo "2676"]
[PlyCount "58"]
[EventDate "2000.??.??"]

1. d4 d5 2. c3 Nf6 3. Bg5 Ne4 4. Bh4 g5 5. Bg3 Nxg3 6. hxg3 Bg7 7. Qb3 e5 8. e3
f5 9. Nd2 exd4 10. cxd4 c6 11. Be2 Qe7 12. Bh5+ Kd8 13. Ne2 Kc7 14. O-O-O Be6
15. Kb1 Nd7 16. Nc3 Nf6 17. Be2 h5 18. Ka1 Ng4 19. Rdf1 f4 20. gxf4 gxf4 21.
Bxg4 hxg4 22. g3 Rxh1 23. Rxh1 fxe3 24. fxe3 Rf8 25. Na4 Rf2 26. Nb1 b6 27. a3
Bf5 28. Nbc3 Bc2 29. Qb4 Qxe3 {blunite resigns} 0-1

[Event "ICS rated blitz match"]
[Site "204.178.125.65"]
[Date "2000.11.29"]
[Round "?"]
[White "Athlon900"]
[Black "Hossa"]
[Result "1-0"]
[WhiteElo "2706"]
[BlackElo "2612"]
[PlyCount "111"]
[EventDate "2000.??.??"]

1. e4 e5 2. Nf3 Nc6 3. d4 exd4 4. Nxd4 Bc5 5. Nb3 Bb6 6. Nc3 d6 7. Nd5 Nf6 8.
Nxb6 axb6 9. f3 O-O 10. Be2 Be6 11. O-O Nd7 12. Nd4 Qf6 13. Be3 Nde5 14. b3
Nxd4 15. Qxd4 Qe7 16. Rfe1 Ra3 17. Bc1 Raa8 18. Bf4 Ng6 19. Be3 Ne5 20. a4 Nc6
21. Qd2 f5 22. Bd3 fxe4 23. Bg5 Qf7 24. Rxe4 Ne5 25. Rf4 Qd7 26. Rxf8+ Rxf8 27.
Be2 Qf7 28. Re1 Nc6 29. Bb5 Ne5 30. f4 Nc6 31. Rxe6 h6 32. Re3 d5 33. Bh4 Qh5
34. Bg3 Qf7 35. Re1 Na7 36. Be2 c5 37. Bg4 Kh8 38. Be6 Qf6 39. Bxd5 Rd8 40. c4
Nc6 41. Qf2 Rf8 42. Re6 Qa1+ 43. Qf1 Qd4+ 44. Kh1 Qb2 45. Qd1 Rd8 46. Qh5 Qb1+
47. Re1 Qxe1+ 48. Bxe1 Kh7 49. Be4+ Kg8 50. Bh4 Rf8 51. Qg6 Ne7 52. Bxe7 b5 53.
Bd5+ Rf7 54. Qxf7+ Kh7 55. Bf6 b4 56. Qxg7# {Hossa checkmated} 1-0

[Event "ICS rated bullet match"]
[Site "204.178.125.65"]
[Date "2000.11.29"]
[Round "?"]
[White "Xamkov"]
[Black "Hossa"]
[Result "0-1"]
[WhiteElo "2039"]
[BlackElo "2676"]
[PlyCount "60"]
[EventDate "2000.??.??"]

1. d4 d5 2. Nf3 Nf6 3. e3 g6 4. Bd3 Bh6 5. Nbd2 O-O 6. b3 Kh8 7. Ba3 c6 8. O-O
b6 9. Ne5 Ne8 10. c4 Nd6 11. cxd5 cxd5 12. Rc1 Bb7 13. f4 f6 14. Ng4 Bg7 15. h4
Nc6 16. h5 gxh5 17. Nf2 Qe8 18. g3 f5 19. Kg2 h4 20. gxh4 Qg6+ 21. Kh3 Ne4 22.
Ndxe4 fxe4 23. Bb5 Rac8 24. Rg1 Qf7 25. Rg5 Bf6 26. Rh5 Rg8 27. Qe2 a6 28. Bxc6
Bxc6 29. Rh1 Qg6 30. Qf1 Qg3# {Xamkov checkmated} 0-1

[Event "ICS rated blitz match"]
[Site "204.178.125.65"]
[Date "2000.11.29"]
[Round "?"]
[White "Hossa"]
[Black "QueenMaxima"]
[Result "1/2-1/2"]
[WhiteElo "2600"]
[BlackElo "2518"]
[PlyCount "169"]
[EventDate "2000.??.??"]

1. d4 Nf6 2. c4 e6 3. Nc3 Bb4 4. Qc2 O-O 5. a3 Bxc3+ 6. Qxc3 b6 7. Bg5 Bb7 8.
f3 h6 9. Bh4 d5 10. e3 Nbd7 11. cxd5 Nxd5 12. Bxd8 Nxc3 13. Bh4 Nd5 14. Bf2 f5
15. Bb5 c6 16. Bc4 c5 17. Ne2 cxd4 18. Nxd4 Ne5 19. Be2 Kf7 20. O-O Rfd8 21.
Rfc1 Rac8 22. Bg3 Kf6 23. Rxc8 Rxc8 24. Kf2 g5 25. Rd1 Ng6 26. e4 fxe4 27. fxe4
Ndf4 28. Bxf4 gxf4 29. Bf3 Ke5 30. Bg4 Rc4 31. Nf3+ Kf6 32. Rd6 Rxe4 33. Rd7
Bd5 34. Rxa7 Rc4 35. Ne1 Rd4 36. b4 Rd2+ 37. Kg1 Ne5 38. Bf3 Nxf3+ 39. gxf3 Ra2
40. Rh7 Rxa3 41. Rxh6+ Kg5 42. Rh8 Rb3 43. h4+ Kg6 44. Rf8 Rxb4 45. Nd3 Rd4 46.
Ne5+ Kg7 47. Rf7+ Kg8 48. Kg2 Ra4 49. Rf6 Bb3 50. Rg6+ Kh7 51. Rg5 Rd4 52. Nc6
Rd6 53. Ne5 Bc2 54. Nc4 Rd3 55. Rh5+ Kg7 56. Rg5+ Kf6 57. Rg4 b5 58. Rxf4+ Ke7
59. Ne5 Rd2+ 60. Kg3 Kd6 61. Ng4 Bf5 62. h5 Kc5 63. Nf6 Rd1 64. Rh4 Rg1+ 65.
Kf2 Ra1 66. h6 Ra8 67. h7 Rh8 68. Ke3 b4 69. Kd2 Bg6 70. Rh6 Bf5 71. Kc1 Kd4
72. Kb2 Ke3 73. Rh5 Kf4 74. Kb3 Bg6 75. Rh2 Kf5 76. Nd7 Rxh7 77. Rxh7 Bxh7 78.
Nf8 Kf4 79. Nxh7 Kxf3 80. Nf8 e5 81. Ne6 e4 82. Nd4+ Kg3 83. Kc4 e3 84. Kxb4 e2
85. Nxe2+ {Game drawn because neither player has mating material} 1/2-1/2

[Event "ICS Rated standard match"]
[Site "204.178.125.65"]
[Date "2000.11.29"]
[Round "?"]
[White "IamtheGame"]
[Black "Hossa"]
[Result "0-1"]
[WhiteElo "2239"]
[BlackElo "2294"]
[PlyCount "80"]
[EventDate "2000.??.??"]

1. e4 e5 2. Nf3 Nc6 3. Bb5 a6 4. Ba4 Nf6 5. d3 b5 6. Bb3 Be7 7. c3 d5 8. exd5
Nxd5 9. O-O O-O 10. a4 b4 11. Re1 Bf6 12. Nbd2 Nf4 13. Ne4 Nxd3 14. Nxf6+ gxf6
15. Re2 bxc3 16. bxc3 Nxc1 17. Qxc1 Ne7 18. Rd2 Qe8 19. Qa3 Bg4 20. Rad1 Kh8
21. Qc5 Bxf3 22. gxf3 Ng6 23. Qxc7 Rb8 24. Bc2 Nf4 25. Qd7 Rg8+ 26. Kf1 Qf8 27.
Qf5 Qg7 28. Qg4 Qh6 29. Qf5 Rbf8 30. Rd7 Rg5 31. Qxh7+ Qxh7 32. Bxh7 Kxh7 33.
R1d6 Kg6 34. Rxa6 Rb8 35. Rad6 Rh8 36. Rd8 Rxh2 37. Rg8+ Kf5 38. Rxg5+ fxg5 39.
Kg1 Rh3 40. a5 Rxf3 {IamtheGame resigns} 0-1

[Event "ICS rated blitz match"]
[Site "204.178.125.65"]
[Date "2000.11.29"]
[Round "?"]
[White "QueenMaxima"]
[Black "Hossa"]
[Result "0-1"]
[WhiteElo "2512"]
[BlackElo "2596"]
[PlyCount "120"]
[EventDate "2000.??.??"]

1. c4 e5 2. g3 f5 3. Nc3 Bc5 4. Bg2 Nc6 5. a3 a5 6. Nf3 e4 7. Nh4 d6 8. e3 Ne5
9. O-O Ne7 10. d4 exd3 11. f4 Ng4 12. Qxd3 O-O 13. Bd2 a4 14. Nf3 Kh8 15. Rfd1
Bd7 16. Nd4 Qc8 17. Re1 Re8 18. Nce2 Qb8 19. Bc3 Bb6 20. Rad1 Ra6 21. e4 fxe4
22. Bxe4 Nf6 23. Bg2 Bf5 24. Qf3 Ra7 25. Kh1 Be4 26. Qf1 Bxg2+ 27. Qxg2 Ng4 28.
Qf3 Qc8 29. h3 Ne5 30. Qh5 Nxc4 31. Qf7 Qxh3+ 32. Kg1 Raa8 33. Qxc4 Nf5 34. Rd3
Ne3 35. Rxe3 Rxe3 36. Bd2 Re4 37. Kf2 Qh2+ 38. Kf3 Rae8 39. Qc3 Bxd4 40. Nxd4
Rxe1 41. Bxe1 c5 42. Bf2 cxd4 43. Qxd4 Qh1+ 44. Kg4 h5+ 45. Kg5 Qf3 46. f5 Re4
47. Qxe4 Qxe4 48. Kg6 Qg4+ 49. Kf7 Qxf5+ 50. Ke7 Qxf2 51. Kd7 Qc5 52. Kd8 Kg8
53. Ke7 Qe5+ 54. Kd7 Kf7 55. Kc8 Ke6 56. Kb8 Kd7 57. b4 Kc6 58. Ka7 Qe3+ 59.
Kb8 Kb6 60. g4 Qe8# {QueenMaxima checkmated} 0-1

[Event "ICS rated blitz match"]
[Site "204.178.125.65"]
[Date "2000.11.29"]
[Round "?"]
[White "Hossa"]
[Black "kerrigan"]
[Result "1-0"]
[WhiteElo "2608"]
[BlackElo "2412"]
[PlyCount "43"]
[EventDate "2000.??.??"]

1. e4 d5 2. exd5 Nf6 3. d4 Nxd5 4. c4 Nf6 5. Nf3 e6 6. Bd3 Bb4+ 7. Nc3 Nc6 8.
a3 Bxc3+ 9. bxc3 O-O 10. Qc2 a5 11. O-O Bd7 12. Bg5 h6 13. Bh4 Rc8 14. Rab1 Rb8
15. Ne5 Nxe5 16. dxe5 g5 17. exf6 gxh4 18. Rfd1 h3 19. g3 Qe8 20. Qd2 Ba4 21.
Qxh6 Bxd1 22. Qg7# {kerrigan checkmated} 1-0

[Event "ICS rated blitz match"]
[Site "204.178.125.65"]
[Date "2000.11.29"]
[Round "?"]
[White "Valg"]
[Black "Hossa"]
[Result "1/2-1/2"]
[WhiteElo "2883"]
[BlackElo "2616"]
[PlyCount "105"]
[EventDate "2000.??.??"]

1. e4 e5 2. Nf3 Nf6 3. Nxe5 d6 4. Nf3 Nxe4 5. d4 Be7 6. Bd3 Nf6 7. O-O O-O 8.
h3 Re8 9. c4 Nc6 10. Re1 Nb4 11. Nc3 Nxd3 12. Qxd3 c6 13. Bg5 Be6 14. d5 cxd5
15. Bxf6 Bxf6 16. Nxd5 Bxd5 17. Rxe8+ Qxe8 18. Qxd5 Qc6 19. Qxc6 bxc6 20. Rd1
Rd8 21. Nd4 Bxd4 22. Rxd4 f5 23. g4 fxg4 24. hxg4 d5 25. b4 a6 26. a4 Kf7 27.
b5 cxb5 28. cxb5 axb5 29. axb5 Ke6 30. f4 Kd6 31. Rd2 Kc5 32. Rb2 Rd7 33. f5 h6
34. Kf2 Rb7 35. Rc2+ Kxb5 36. Ke3 Re7+ 37. Kd4 Re4+ 38. Kxd5 Rxg4 39. Rh2 Rf4
40. Ke5 Rf3 41. Rg2 Re3+ 42. Kd6 Rd3+ 43. Ke6 Re3+ 44. Kf7 Rf3 45. Rxg7 Rxf5+
46. Kg6 Rf4 47. Kxh6 Rh4+ 48. Kg6 Rh3 49. Rg8 Rh2 50. Rf8 Rh1 51. Rg8 Rg1+ 52.
Kh7 Rxg8 53. Kxg8 {Game drawn because neither player has mating material}
1/2-1/2

[Event "ICS rated blitz match"]
[Site "204.178.125.65"]
[Date "2000.11.29"]
[Round "?"]
[White "Hossa"]
[Black "D-Zagorskis"]
[Result "1/2-1/2"]
[WhiteElo "2626"]
[BlackElo "2513"]
[PlyCount "119"]
[EventDate "2000.??.??"]

1. e4 c5 2. Nf3 d6 3. d4 cxd4 4. Nxd4 Nf6 5. Nc3 a6 6. Be2 e5 7. Nb3 Be7 8. O-O
O-O 9. Be3 Be6 10. Qd2 b5 11. Rad1 Nbd7 12. a3 Rc8 13. f3 Qc7 14. Rf2 Rfd8 15.
Bd3 Nb6 16. Bg5 h6 17. Bxf6 Bxf6 18. Qe1 Qb8 19. Na5 Rd7 20. a4 Nxa4 21. Nxa4
bxa4 22. Bxa6 Rc5 23. b4 axb3 24. Nxb3 Bxb3 25. cxb3 Qxb3 26. Rb1 Qc3 27. Qxc3
Rxc3 28. g3 g6 29. Rd1 Bd8 30. Kh1 Bb6 31. Rb2 Bc5 32. Be2 Kg7 33. Bd3 Ra7 34.
Kg2 Bd4 35. Rbd2 Raa3 36. Be2 f5 37. g4 fxe4 38. fxe4 Ra7 39. Bd3 Rf7 40. Ra2
h5 41. gxh5 gxh5 42. Rad2 Bc5 43. Kh3 Kh6 44. Kg2 Ra3 45. Kh3 Ra8 46. Bc4 Rf3+
47. Kg2 Raf8 48. Bd5 Kg5 49. Kh1 Kh4 50. Bc4 Rf2 51. Bd5 R8f6 52. Rxf2 Rxf2 53.
Rg1 Rf4 54. Rg3 Rg4 55. Rxg4+ Kxg4 56. Kg2 h4 57. h3+ Kf4 58. Bc6 Bd4 59. Ba8
Bc5 60. Bd5 {Game drawn by mutual agreement} 1/2-1/2

[Event "ICS rated blitz match"]
[Site "204.178.125.65"]
[Date "2000.11.29"]
[Round "?"]
[White "Hossa"]
[Black "PostModernist"]
[Result "1/2-1/2"]
[WhiteElo "2621"]
[BlackElo "2590"]
[PlyCount "183"]
[EventDate "2000.??.??"]

1. e4 e6 2. d4 d5 3. Nd2 c5 4. exd5 exd5 5. Ngf3 a6 6. Be2 cxd4 7. O-O Nc6 8.
Re1 Be7 9. Nb3 Nf6 10. Nfxd4 O-O 11. Bd3 Re8 12. Nf5 Bxf5 13. Bxf5 Qc7 14. g3
g6 15. Bh3 a5 16. a4 Bb4 17. Rxe8+ Rxe8 18. c3 Be7 19. Bg2 Qe5 20. Rb1 Ne4 21.
Qc2 Qf5 22. Bf4 Bd8 23. Re1 Bb6 24. Re2 Re6 25. Kf1 g5 26. Bc1 Re5 27. Na1 Bc5
28. f3 g4 29. f4 Re8 30. Nb3 Bb6 31. Qd1 h6 32. Nd2 Nd6 33. Rxe8+ Nxe8 34. Nb3
Nf6 35. Qe2 Qh5 36. Bh1 Kh8 37. Qg2 Ne4 38. Bd2 Kg7 39. Be1 f5 40. Na1 Qe8 41.
Qe2 Ne7 42. b3 Qh5 43. Qg2 Nc6 44. Nc2 Kg8 45. Na3 Qf7 46. Qe2 Qe7 47. Qb5 Bc5
48. Nc2 Kh8 49. b4 axb4 50. cxb4 Ba7 51. Qxd5 Nd6 52. b5 Nd8 53. Bc3+ Kh7 54.
Bb4 Qc7 55. Qxd6 Qxc2 56. Qe7+ Kg6 57. Qe2 Qxa4 58. Qe8+ Kh7 59. Qd7+ Kg6 60.
Qd6+ Kh5 61. Qd3 Kg6 62. Qc4 Qd1+ 63. Be1 Kf6 64. Bd5 Bb6 65. Qc3+ Bd4 66. Qd2
Qxd2 67. Bxd2 b6 68. Ke2 Ne6 69. Bb4 Nc7 70. Bc6 Ke6 71. Bf8 h5 72. Bb4 Nd5 73.
Kd3 Nxb4+ 74. Kxd4 Nxc6+ 75. bxc6 Kd6 76. c7 Kxc7 77. Ke5 b5 78. Kxf5 Kd6 79.
Ke4 Kc5 80. Kd3 b4 81. Kc2 Kc6 82. Kb2 Kb6 83. Kc2 Kc5 84. Kb2 Kd6 85. Kb3 Kc5
86. Kb2 Kc6 87. Kc2 Kc5 88. Kb2 Kd5 89. Kb3 Kc5 90. Kb2 Kd5 91. Kb3 Kc5 92. Kb2
{Game drawn by repetition} 1/2-1/2

[Event "ICS Rated blitz match"]
[Site "204.178.125.65"]
[Date "2000.11.29"]
[Round "?"]
[White "Hossa"]
[Black "CosmicJoke"]
[Result "1/2-1/2"]
[WhiteElo "2620"]
[BlackElo "2805"]
[PlyCount "263"]
[EventDate "2000.??.??"]

1. d4 Nf6 2. c4 e6 3. Nc3 Bb4 4. Qc2 O-O 5. a3 Bxc3+ 6. Qxc3 b6 7. Bg5 Bb7 8.
f3 h6 9. Bh4 d5 10. e3 Nbd7 11. cxd5 Nxd5 12. Bxd8 Nxc3 13. Bh4 Nd5 14. Bf2 f5
15. Bb5 c6 16. Bc4 c5 17. Ne2 Rac8 18. Rc1 a6 19. dxc5 Nxc5 20. b4 Nd7 21. b5
axb5 22. Bxb5 Rxc1+ 23. Nxc1 N7f6 24. Ne2 Ra8 25. a4 Ba6 26. Bc6 Rc8 27. Bb5
Bxb5 28. axb5 Nc3 29. Nxc3 Rxc3 30. O-O Rb3 31. e4 fxe4 32. Bxb6 Rxb5 33. Bd4
e5 34. Bf2 Kf7 35. Re1 exf3 36. gxf3 Ke6 37. Bg3 Kf5 38. Re2 Rc5 39. Kg2 Ra5
40. Kg1 Nh7 41. Be1 Rd5 42. Bd2 Nf8 43. Be3 Ne6 44. Kg2 Nd4 45. Rb2 Rc5 46. Rd2
Rc2 47. Rxc2 Nxc2 48. Bc1 Ne1+ 49. Kg3 Ke6 50. Be3 Nc2 51. Bc5 Nd4 52. h3 Kd5
53. Bb4 Kc4 54. Ba5 Ne6 55. Kg4 g6 56. Bd2 h5+ 57. Kg3 Kd3 58. Bb4 Kd4 59. Be7
Kc4 60. Bf6 Kd5 61. Be7 Nd4 62. Bg5 Kc6 63. Kg2 Ne6 64. Bf6 Kd5 65. Kg3 Kd6 66.
Kh4 Nf4 67. Kg5 Ke6 68. h4 Kf7 69. Bxe5 Nh3+ 70. Kh6 Ng1 71. f4 Nf3 72. f5 gxf5
73. Bf4 Ke6 74. Kxh5 Kd5 75. Be3 Ke4 76. Bc5 Ke5 77. Bb6 Ke6 78. Bc5 Kf6 79.
Be3 Kf7 80. Kh6 Nxh4 81. Bf4 Nf3 82. Be3 Kf6 83. Bc1 Ke5 84. Bb2+ Ke4 85. Bc1
Ne5 86. Kg5 Nc6 87. Bd2 Nd4 88. Bc1 Ne6+ 89. Kf6 Nf4 90. Bd2 Nd5+ 91. Kg5 Ke5
92. Bc1 Nb6 93. Bb2+ Ke4 94. Bc1 Nc4 95. Bf4 Na5 96. Bg3 Nc6 97. Bh2 Ne5 98.
Bg3 Nd7 99. Bf4 Nf6 100. Bg3 Nd5 101. Bh2 Ne3 102. Bf4 Nc4 103. Bg3 Ne5 104.
Kh5 Nc6 105. Kg5 Nd4 106. Kf6 Ne2 107. Bh2 Nf4 108. Kg5 Nd5 109. Bg3 Nc3 110.
Bh2 Na4 111. Bg3 Nc5 112. Bh2 Nd3 113. Bg3 Nb4 114. Bf4 Nc2 115. Bg3 Na3 116.
Bf4 Nb1 117. Bg3 Nd2 118. Bd6 Nf3+ 119. Kh5 Kd5 120. Bf4 Kd4 121. Bg3 Ke3 122.
Bd6 Ke4 123. Bg3 Nd4 124. Kg5 Ne6+ 125. Kf6 Nf4 126. Bh2 Nd3 127. Kg5 Ne1 128.
Bd6 Ng2 129. Bg3 Kd5 130. Bh2 Ne3 131. Bg1 f4 132. Kxf4 {
Game drawn because neither player has mating material} 1/2-1/2

[Event "ICS rated blitz match"]
[Site "204.178.125.65"]
[Date "2000.11.29"]
[Round "?"]
[White "taxadviser"]
[Black "Hossa"]
[Result "1/2-1/2"]
[WhiteElo "2439"]
[BlackElo "2632"]
[PlyCount "123"]
[EventDate "2000.??.??"]

1. e4 e5 2. Nf3 Nf6 3. Nc3 Bb4 4. Nxe5 Qe7 5. Nd3 Bxc3 6. dxc3 Qxe4+ 7. Qe2 O-O
8. Qxe4 Nxe4 9. Bf4 d6 10. f3 Nf6 11. Kf2 Bf5 12. h4 Nd5 13. Bd2 Re8 14. g4 Bd7
15. Nf4 Ne7 16. c4 Bc6 17. Bc3 Nd7 18. Rd1 Nc5 19. b3 a5 20. a4 Ne6 21. Nd5 b6
22. Bb2 h6 23. Kg3 Bb7 24. Bg2 Nxd5 25. cxd5 Nc5 26. Kf2 f6 27. Bf1 Ba6 28.
Bxa6 Nxa6 29. Bc3 Kf7 30. h5 Rac8 31. Rhe1 c6 32. Rxe8 Kxe8 33. dxc6 Rxc6 34.
Rd3 Kd7 35. Ke1 Nc5 36. Re3 Ne6 37. Kd2 Rc5 38. Bb2 f5 39. Ba3 Rd5+ 40. Rd3 Kc6
41. Rxd5 Kxd5 42. Ke3 f4+ 43. Kd3 Ng5 44. Bb2 Nxf3 45. Bxg7 Ne5+ 46. Ke2 Ke4
47. Bxh6 Nxg4 48. Bg5 f3+ 49. Ke1 Kd4 50. h6 f2+ 51. Ke2 Nxh6 52. Bxh6 Kc3 53.
Be3 Kxc2 54. Bxb6 Kxb3 55. Bxa5 d5 56. Bc7 f1=Q+ 57. Kxf1 Kxa4 58. Ke2 Kb3 59.
Be5 Kc2 60. Ke3 Kd1 61. Kd4 Ke2 62. Kxd5 {
Game drawn because neither player has mating material} 1/2-1/2

[Event "ICS rated blitz match"]
[Site "204.178.125.65"]
[Date "2000.11.29"]
[Round "?"]
[White "ChesterX"]
[Black "Hossa"]
[Result "1-0"]
[WhiteElo "2521"]
[BlackElo "2625"]
[PlyCount "121"]
[EventDate "2000.??.??"]

1. e4 c5 2. Nf3 d6 3. d4 cxd4 4. Nxd4 Nf6 5. Nc3 a6 6. Be2 e5 7. Nb3 Be7 8. O-O
O-O 9. Be3 Be6 10. Nd5 Nbd7 11. Qd3 b6 12. Rad1 Bxd5 13. exd5 Nc5 14. Nxc5 bxc5
15. c4 Qd7 16. Qc2 Ng4 17. Bd2 Rab8 18. Bd3 Nf6 19. Rfe1 Rfe8 20. f4 exf4 21.
Bxf4 Qg4 22. Be3 Qh4 23. Bf5 g6 24. g3 Qh5 25. Bd3 Ng4 26. Bf4 Bg5 27. Rxe8+
Rxe8 28. Bxg5 Qxg5 29. Qd2 Qxd2 30. Rxd2 f6 31. h3 Ne5 32. Kf2 Kg7 33. Rd1 g5
34. b3 Nxd3+ 35. Rxd3 f5 36. Re3 Rxe3 37. Kxe3 h5 38. a3 Kf6 39. b4 cxb4 40.
axb4 Ke5 41. h4 g4 42. Kd3 f4 43. gxf4+ Kxf4 44. c5 g3 45. Ke2 dxc5 46. d6 cxb4
47. d7 b3 48. d8=Q b2 49. Qf6+ Ke4 50. Qxb2 g2 51. Qb7+ Ke5 52. Qxg2 Kd4 53.
Qa8 Ke5 54. Qxa6 Kd5 55. Kd3 Ke5 56. Qc6 Kf5 57. Qd6 Kg4 58. Ke4 Kxh4 59. Qg6
Kh3 60. Kf3 h4 61. Qg2# {Hossa checkmated} 1-0

[Event "ICS rated bullet match"]
[Site "204.178.125.65"]
[Date "2000.11.29"]
[Round "?"]
[White "Hossa"]
[Black "repla"]
[Result "1-0"]
[WhiteElo "2677"]
[BlackElo "2084"]
[PlyCount "103"]
[EventDate "2000.??.??"]

1. e4 Nf6 2. e5 Ne4 3. d4 d5 4. f3 e6 5. Bf4 Qh4+ 6. g3 Nxg3 7. Bxg3 Qh5 8. Nh3
Be7 9. Nf4 Qh6 10. Bd3 Bh4 11. O-O Bxg3 12. hxg3 Qg5 13. Ne2 h5 14. Qd2 Qxd2
15. Nxd2 g6 16. Kf2 c6 17. Rh1 Bd7 18. Nc3 Na6 19. Bxa6 bxa6 20. Nb3 Rb8 21.
Rab1 a5 22. Nc5 Ke7 23. Nxd7 Kxd7 24. Na4 Rb5 25. Nc5+ Kc7 26. a4 Rb4 27. Na6+
Kb6 28. Nxb4 axb4 29. Ke3 Ka5 30. Ra1 c5 31. dxc5 Rd8 32. Kd3 d4 33. Kc4 Rd5
34. f4 Ka6 35. Rad1 Kb7 36. Rxd4 Kc6 37. Rxd5 exd5+ 38. Kxb4 d4 39. Kc4 d3 40.
cxd3 a5 41. d4 h4 42. d5+ Kc7 43. Kb5 hxg3 44. d6+ Kd7 45. c6+ Ke6 46. Kb6 Kf5
47. Kb7 Kxf4 48. d7 g2 49. Rg1 Kg3 50. d8=Q Kf2 51. Qd4+ Kf3 52. c7 {
repla resigns} 1-0

[Event "ICS rated bullet match"]
[Site "204.178.125.65"]
[Date "2000.11.29"]
[Round "?"]
[White "ChesterX"]
[Black "Hossa"]
[Result "1-0"]
[WhiteElo "2342"]
[BlackElo "2682"]
[PlyCount "147"]
[EventDate "2000.??.??"]

1. d4 Nf6 2. c4 e6 3. Nf3 d5 4. Nc3 Be7 5. Bg5 h6 6. Bxf6 Bxf6 7. e3 Nc6 8.
cxd5 exd5 9. Bb5 O-O 10. Bxc6 bxc6 11. O-O Ba6 12. Re1 Rb8 13. Qa4 Rb6 14. Qc2
Rb4 15. Rad1 Qd7 16. e4 Re8 17. Qd2 Rbb8 18. h4 Bc4 19. e5 Bd8 20. b3 Ba6 21.
Qf4 Ra8 22. h5 Rb8 23. Rd2 Rb7 24. Rc1 Be7 25. Na4 Bb4 26. Nc5 Bxc5 27. Rxc5
Rb6 28. Rc3 Rbb8 29. Rdc2 Rb6 30. Re3 Bb5 31. a3 Qe7 32. Rc5 Qd7 33. Kh1 Rbb8
34. Rcc3 Ba6 35. Rc2 Bf1 36. Rec3 Rb7 37. Qc1 Ba6 38. Kg1 Rbb8 39. Qf4 Rb6 40.
Re3 Rbb8 41. Nh4 Rb6 42. Rg3 Kh8 43. Rxg7 Kxg7 44. Nf5+ Qxf5 45. Qxf5 Re6 46.
Qf3 Rb8 47. g4 Rg8 48. Kg2 Kf8 49. Kh1 Kg7 50. Kg1 Kf8 51. Rc3 Kg7 52. Re3 Kf8
53. Qf5 Rg5 54. Qf4 Rg7 55. Kh1 Bf1 56. Qf3 Bb5 57. Qd1 Re8 58. Rc3 Re6 59. f4
a5 60. a4 Ba6 61. f5 Re8 62. Rxc6 Bb7 63. Rxh6 Kg8 64. Rf6 Bc8 65. Rc6 Kh7 66.
Rxc7 Rf8 67. Ra7 Rfg8 68. Qc1 Kh8 69. Qh6+ Rh7 70. Qf6+ Rgg7 71. Rxf7 Be6 72.
fxe6 Rxh5+ 73. gxh5 Kg8 74. Qxg7# {Hossa checkmated} 1-0